000 00428nam a2200181Ia 4500
001 10380
005 20260306161828.0
008 260306t2011||||xx |||||||||||||| ||spa||
041 _aESP
082 _a922.22
_bA57
100 _aAnastasi, Filippo
_eAUT
245 0 _aPadre Pío:
_bsu voz, su historia
260 _c2011
300 _a160 páginas :
_c21 cm.
650 _aGEN
654 _aCHU
942 _cLIB
_dJUS
_fJUS
_2ddc
_n
999 _c10380
_d10380